000 00942nam a22003137a 4500
001 0074
003 DO-SdBNP
005 20171110114723.0
007 074
008 150918b sp 2002 xxu||||| |||| 00| 0 spa d
020 _a848792235X
040 _aBPMSU
_bspa
_cBPMSU
082 4 _a617.69
_bO26r
245 _aOdontología restauradora contemporánea implantes y estética /
_cAntonio Bascones Martínez...et. al
260 _aMadrid
_bAvances Medico-Dentales
_c2002
300 _a277 p. :
_bils. ;
_c32 cm.
650 _aPROTESIS DENTAL
650 _aCIRURGÍA DENTAL
650 _aIMPLANTES DENTARIOS
650 _aTECNOLOGÍA DENTAL
700 1 2 _aBasconez Martínez, Antonio
700 1 2 _aFernández Bodereau, Enrique
700 1 2 _aMaddalena, Alejandro
700 1 2 _aMaddalena, Leopoldo
700 1 2 _aBottini, Marcos Antonio,
_epról.
942 _2ddc
_cBK
945 _aInventariado, 2017/MFF
956 _aBrenda Tavárez
999 _c8272
_d8272